| 000 | 00462nam a22001697a 4500 | ||
|---|---|---|---|
| 999 |
_c526250 _d526250 |
||
| 003 | NUST | ||
| 020 |
_a9789694025315 _qH/B |
||
| 038 | _awaseem | ||
| 082 |
_a954.91 _bRAS |
||
| 100 |
_aRasheed, Ahmed _917219 |
||
| 245 |
_aAmerica Ki Badehadi / _cAhmed Rasheed |
||
| 260 |
_aIslamabad : _bVan Guard Books, _c2009. |
||
| 300 | _axxii, 558 p. ; | ||
| 880 |
_6100-01\r _aاحمد رشید |
||
| 880 |
_6245-02\r _aامریکا کی بد عیدی |
||
| 942 |
_2ddc _cBK |
||